[Event "Geller Memorial"]
[Site "Moscow"]
[Date "1999.02.07"]
[Round "6.43"]
[White "Kozlov, Vladimir N"]
[Black "Yemelin, Vasily"]
[Result "0-1"]
[WhiteElo "2327"]
[BlackElo "2550"]
[PlyCount "68"]
[EventDate "1999.02.02"]

1. d4 Nf6 2. c4 e6 3. Nc3 Bb4 4. a3 Bxc3+ 5. bxc3 d6 6. f3 Nfd7 7. e4 Nc6 8. f4
b6 9. Nf3 Ba6 10. Ra2 Na5 11. Rf2 Bxc4 12. Bxc4 Nxc4 13. O-O O-O 14. Ng5 h6 15.
Qh5 Qe8 16. Qe2 b5 17. Nf3 f5 18. e5 dxe5 19. fxe5 Ndb6 20. Nh4 Nd5 21. g4 f4
22. Qd3 g5 23. Ng6 Rf7 24. h4 Rg7 25. h5 a5 26. a4 Qc6 27. axb5 Qxb5 28. Qe4
Rb8 29. Bxf4 gxf4 30. Nxf4 Nce3 31. Nxe6 Qxf1+ 32. Rxf1 Rxg4+ 33. Qxg4+ Nxg4
34. Rf3 Nde3 0-1

[Event "Geller Memorial"]
[Site "Moscow"]
[Date "1999.02.07"]
[Round "6.44"]
[White "Vaulin, Alexander"]
[Black "Strukov, Robert"]
[Result "0-1"]
[WhiteElo "2547"]
[BlackElo "2325"]
[PlyCount "50"]
[EventDate "1999.02.02"]

1. g3 e5 2. c4 Nf6 3. Bg2 c6 4. d4 exd4 5. Qxd4 d5 6. cxd5 cxd5 7. Nf3 Nc6 8.
Qa4 Be7 9. Nc3 O-O 10. Be3 Ng4 11. Bd4 Nxd4 12. Nxd4 Bc5 13. O-O Bd7 14. Qd1
Qf6 15. e3 Qh6 16. Nf3 Bc6 17. h3 Nxf2 18. Rxf2 Bxe3 19. Qf1 d4 20. Nd1 Bxf2+
21. Nxf2 Rad8 22. Ng4 Qd6 23. Qf2 Rfe8 24. Rd1 d3 25. Bf1 Bxf3 0-1

[Event "Geller Memorial"]
[Site "Moscow"]
[Date "1999.02.07"]
[Round "6.45"]
[White "Dragomarezkij, Evgeni"]
[Black "Malinin, Yuri"]
[Result "1-0"]
[WhiteElo "2486"]
[BlackElo "2324"]
[PlyCount "81"]
[EventDate "1999.02.02"]

1. d4 Nf6 2. c4 e6 3. Nc3 Bb4 4. Qc2 O-O 5. a3 Bxc3+ 6. Qxc3 Ne4 7. Qc2 f5 8.
Nh3 b5 9. f3 Nf6 10. cxb5 c6 11. bxc6 Nxc6 12. e3 Nd5 13. Bd3 f4 14. O-O fxe3
15. Bxh7+ Kh8 16. Be4 Nxd4 17. Qa4 Qb6 18. Re1 Nf5 19. Bxf5 Rxf5 20. Qh4+ Kg8
21. Ng5 Rxg5 22. Qxg5 e2+ 23. Kh1 Ba6 24. Qg4 Rf8 25. b4 Qf2 26. Bb2 Rf7 27.
Bd4 Qf1+ 28. Rxf1 exf1=Q+ 29. Rxf1 Bxf1 30. Kg1 Bd3 31. Bxa7 e5 32. Qg5 Bf5 33.
Bc5 Nf4 34. Bd6 Nd3 35. Qd8+ Kh7 36. Qh4+ Kg8 37. Qc4 g5 38. b5 Kg7 39. b6 Rf6
40. b7 Rxd6 41. b8=Q 1-0

[Event "Geller Memorial"]
[Site "Moscow"]
[Date "1999.02.07"]
[Round "6.46"]
[White "Igriashvili, Zurab"]
[Black "Kostenko, Petr"]
[Result "1-0"]
[WhiteElo "2327"]
[BlackElo "2468"]
[PlyCount "77"]
[EventDate "1999.02.02"]

1. e4 e6 2. d4 d5 3. Nc3 Nf6 4. Bg5 Bb4 5. e5 h6 6. Bd2 Bxc3 7. bxc3 Ne4 8. Qg4
Kf8 9. h4 f5 10. exf6 Qxf6 11. Nf3 Nc6 12. Qf4 Nxd2 13. Qxd2 e5 14. O-O-O exd4
15. cxd4 Qd6 16. Qc3 Bg4 17. Re1 Bxf3 18. Qxf3+ Kg8 19. c4 Nxd4 20. Qxd5+ Qxd5
21. cxd5 g6 22. h5 g5 23. Bd3 Kg7 24. Re7+ Kf6 25. Rhe1 Rad8 26. g4 b5 27. Bxb5
Rhf8 28. Bc4 Rf7 29. Rxf7+ Kxf7 30. Re4 Nf3 31. Re3 Nd4 32. Rd3 Ne2+ 33. Kd2
Nf4 34. d6+ Ke8 35. Bb5+ Kf7 36. dxc7 Rc8 37. Rd7+ Ke6 38. Bc6 a6 39. Ke3 1-0

[Event "Geller Memorial"]
[Site "Moscow"]
[Date "1999.02.07"]
[Round "6.47"]
[White "Drozdovskiy, Yuri"]
[Black "Mitenkov, Alexey"]
[Result "0-1"]
[WhiteElo "2312"]
[BlackElo "2425"]
[PlyCount "80"]
[EventDate "1999.02.02"]

1. d4 Nf6 2. c4 e6 3. Nc3 Bb4 4. Qc2 O-O 5. Nf3 c5 6. Bg5 h6 7. Bh4 cxd4 8.
Nxd4 Nc6 9. e3 Nxd4 10. exd4 b6 11. Bd3 Bb7 12. O-O Rc8 13. Rac1 Be7 14. Qb3
Nh5 15. Bxe7 Qxe7 16. Be4 Ba6 17. Nb5 Nf4 18. Bf3 d5 19. cxd5 Nh3+ 20. Kh1
Nxf2+ 21. Kg1 Nh3+ 22. Kh1 Nf2+ 23. Kg1 Nh3+ 24. Kh1 Ng5 25. dxe6 fxe6 26. Rxc8
Rxc8 27. Be2 Kh8 28. Nd6 Qxd6 29. Bxa6 Rd8 30. Bc4 Qxd4 31. Bxe6 Ne4 32. Qc2
Nf2+ 33. Kg1 Nh3+ 34. Kh1 Nf2+ 35. Kg1 Ng4+ 36. Kh1 Ne3 37. Qe2 Nxf1 38. Qxf1
Qd1 39. Kg1 Qxf1+ 40. Kxf1 Rd2 0-1

[Event "Geller Memorial"]
[Site "Moscow"]
[Date "1999.02.07"]
[Round "6.48"]
[White "Pokrovski, Pavel"]
[Black "Gorbatov, Alexej"]
[Result "1-0"]
[WhiteElo "2305"]
[BlackElo "2418"]
[PlyCount "115"]
[EventDate "1999.02.02"]

1. e4 c6 2. d4 d5 3. exd5 cxd5 4. c4 Nf6 5. Nc3 Nc6 6. Bg5 Be6 7. Bxf6 gxf6 8.
Nf3 Qd7 9. Be2 Rd8 10. cxd5 Bxd5 11. Nxd5 Qxd5 12. O-O e6 13. Qc2 Bd6 14. Rfd1
Rg8 15. g3 Ke7 16. Qc4 Bc7 17. Qxd5 Rxd5 18. Bc4 Rd6 19. d5 Rgd8 20. Re1 Na5
21. Rac1 Nxc4 22. Rxc4 Ba5 23. b4 Bb6 24. dxe6 Rxe6 25. Rxe6+ fxe6 26. a4 Rd1+
27. Kg2 Kd6 28. a5 Bc7 29. Rh4 e5 30. Rxh7 e4 31. Nh4 Rd5 32. g4 Kc6 33. Nf5
Bd6 34. Nxd6 Rxd6 35. b5+ Kxb5 36. Rxb7+ Ka6 37. Re7 Rd5 38. h4 Rxa5 39. Re6+
Kb5 40. Rxf6 Ra2 41. h5 e3 42. h6 e2 43. Re6 Ra6 44. Re5+ Kc4 45. Rxe2 Rxh6 46.
Ra2 a6 47. Kg3 Kb4 48. g5 Rc6 49. f4 a5 50. f5 Rc3+ 51. Kg4 Rc4+ 52. Kh5 Rf4
53. f6 a4 54. Kg6 Kb3 55. Rh2 a3 56. f7 a2 57. Rxa2 Rf6+ 58. gxf6 1-0

[Event "Geller Memorial"]
[Site "Moscow"]
[Date "1999.02.07"]
[Round "6.50"]
[White "Volodin, Alexey"]
[Black "Matveeva, Svetlana"]
[Result "1-0"]
[WhiteElo "2300"]
[BlackElo "2405"]
[PlyCount "121"]
[EventDate "1999.02.02"]

1. c4 b6 2. Nc3 Bb7 3. Nf3 e6 4. e4 Bb4 5. Bd3 Ne7 6. O-O O-O 7. a3 Bxc3 8.
dxc3 d6 9. Qe2 Nd7 10. Rd1 Ng6 11. Bc2 e5 12. b4 Qe7 13. Be3 Nf4 14. Qd2 Ne6
15. Ne1 Kh8 16. f3 g6 17. Ba4 Rad8 18. Nd3 f5 19. Bxd7 Rxd7 20. Nxe5 Rdd8 21.
Nd3 fxe4 22. fxe4 Rde8 23. Nf2 Rf7 24. Rf1 Qh4 25. Rae1 Ba6 26. Qd5 Qh5 27. b5
Bc8 28. Qxh5 gxh5 29. Bd4+ Kg8 30. Nd3 Rxf1+ 31. Kxf1 Ng5 32. e5 Rf8+ 33. Kg1
Be6 34. exd6 cxd6 35. h4 Bf5 36. Nf4 Ne4 37. Nxh5 Bg6 38. Ng7 Ng3 39. Re3 Rf1+
40. Kh2 Nf5 41. Nxf5 Rxf5 42. Re6 Rf7 43. Rxd6 Rc7 44. Rc6 Rxc6 45. bxc6 Be8
46. c7 Bd7 47. Kg3 Kf7 48. Kf4 Kg6 49. g4 Bc8 50. h5+ Kf7 51. g5 Bh3 52. Ke5
Ke7 53. g6 h6 54. g7 Kf7 55. Kd6 Bc8 56. Kc6 Kg8 57. c5 bxc5 58. Kxc5 Kf7 59.
Kd6 Bg4 60. g8=Q+ Kxg8 61. Ke7 1-0

[Event "Geller Memorial"]
[Site "Moscow"]
[Date "1999.02.07"]
[Round "6.59"]
[White "Tosic, Miroslav"]
[Black "Ozolin, Maxim"]
[Result "1-0"]
[WhiteElo "2517"]
[BlackElo "2321"]
[PlyCount "74"]
[EventDate "1999.02.02"]

1. Nf3 Nf6 2. c4 g6 3. Nc3 Bg7 4. g3 O-O 5. Bg2 d6 6. O-O e5 7. d3 Nc6 8. h3 h6
9. e4 Nd7 10. Be3 Nc5 11. Qd2 Kh7 12. d4 exd4 13. Nxd4 Ne5 14. Qe2 Ne6 15. Rad1
Nxd4 16. Bxd4 Be6 17. b3 c5 18. Bxc5 dxc5 19. Rxd8 Raxd8 20. Nd5 Nc6 21. f4 Nd4
22. Qd3 a6 23. g4 b5 24. e5 f5 25. exf6 Bxf6 26. Nxf6+ Rxf6 27. cxb5 axb5 28.
Rf2 c4 29. bxc4 bxc4 30. Qa3 Rd7 31. Kh2 Bf7 32. Qc5 Ra6 33. f5 gxf5 34. gxf5
Rf6 35. Be4 Rdd6 36. Rg2 c3 37. Qxc3 Be8 1-0

[Event "Geller Memorial"]
[Site "Moscow"]
[Date "1999.02.07"]
[Round "6.60"]
[White "Bachin, Vitaly"]
[Black "Abasheev, Denis"]
[Result "1-0"]
[WhiteElo "2295"]
[BlackElo "2455"]
[PlyCount "81"]
[EventDate "1999.02.02"]

1. e4 d6 2. Nc3 c5 3. g3 g6 4. Bg2 Bg7 5. f4 Nc6 6. Nf3 f5 7. d3 Nf6 8. O-O O-O
9. Kh1 Kh8 10. Be3 Be6 11. Qd2 Qd7 12. Rae1 Bg8 13. e5 Ng4 14. h3 Nxe3 15. Qxe3
dxe5 16. Nxe5 Nxe5 17. fxe5 Rac8 18. e6 Qd8 19. Nd5 b5 20. h4 Rc6 21. Nf4 Rc8
22. c3 Qd6 23. Nd5 h5 24. Qg5 Bf6 25. Qxg6 Bh7 26. Qxh5 Qxg3 27. Re3 Qg6 28.
Qxg6 Bxg6 29. h5 Bh7 30. Bh3 Bh4 31. Ref3 Rc6 32. Bxf5 Bxf5 33. Rxf5 Rxf5 34.
Rxf5 Rxe6 35. Nf4 Re1+ 36. Kg2 Bf6 37. Rxc5 Rb1 38. Rxb5 Bxc3 39. Ng6+ Kh7 40.
Nxe7 Kh6 41. Nf5+ 1-0

[Event "Geller Memorial"]
[Site "Moscow"]
[Date "1999.02.07"]
[Round "6.62"]
[White "Nikitin, Andrey"]
[Black "Vdovin, Dmitry"]
[Result "0-1"]
[WhiteElo "2418"]
[BlackElo "2292"]
[PlyCount "50"]
[EventDate "1999.02.02"]

1. d4 d5 2. c4 c6 3. Nc3 Nf6 4. e3 a6 5. a4 e6 6. Bd3 Bb4 7. Nf3 Ne4 8. Qc2 f5
9. O-O Nd7 10. Bd2 Bd6 11. Rab1 O-O 12. b4 Qf6 13. Ne2 Qh6 14. Ng3 Ndf6 15. h3
Nxg3 16. fxg3 Bxg3 17. e4 Qh5 18. e5 Ne4 19. b5 Nxd2 20. Qxd2 axb5 21. cxd5
Rxa4 22. d6 Bd7 23. Bc2 Ra2 24. Qd3 Qg6 25. Bb3 Bh2+ 0-1

[Event "Geller Memorial"]
[Site "Moscow"]
[Date "1999.02.07"]
[Round "6.63"]
[White "Tkebuchava, Zurab"]
[Black "Bogaudinov, Rushan"]
[Result "0-1"]
[WhiteElo "2417"]
[BlackElo "2289"]
[PlyCount "60"]
[EventDate "1999.02.02"]

1. g3 d5 2. Bg2 Nf6 3. Nf3 Bf5 4. c4 c6 5. cxd5 cxd5 6. O-O Nc6 7. d3 e6 8.
Nbd2 Bc5 9. a3 a5 10. b3 h6 11. Bb2 d4 12. Qc2 Ba7 13. Nh4 Rc8 14. Nxf5 exf5
15. Qc4 O-O 16. Rac1 Re8 17. Rfe1 Qd7 18. Qb5 f4 19. gxf4 Re7 20. Nc4 Rce8 21.
Bf3 Bb8 22. e3 Bxf4 23. Bg2 Qg4 24. Rf1 Bb8 25. h3 Qe2 26. Bxd4 Nxd4 27. exd4
Qxd3 28. d5 Qf5 29. Qxa5 Qf4 30. d6 Ne4 0-1

[Event "Geller Memorial"]
[Site "Moscow"]
[Date "1999.02.08"]
[Round "7.5"]
[White "Vokarev, Sergey"]
[Black "Popov, Valerij"]
[Result "1/2-1/2"]
[WhiteElo "2462"]
[BlackElo "2582"]
[PlyCount "40"]
[EventDate "1999.02.02"]

1. e4 c5 2. Nf3 d6 3. d4 Nf6 4. Nc3 cxd4 5. Nxd4 a6 6. Be3 e5 7. Nb3 Be6 8. f3
Be7 9. Qd2 h5 10. Be2 Nbd7 11. O-O Rc8 12. Rfd1 g6 13. Qe1 Kf8 14. Rac1 Kg7 15.
Nd5 Bxd5 16. exd5 h4 17. Na5 Rc7 18. c4 Nh5 19. Qf2 f5 20. b4 h3 1/2-1/2

[Event "Geller Memorial"]
[Site "Moscow"]
[Date "1999.02.08"]
[Round "7.8"]
[White "Kalugin, Sergei"]
[Black "Daschian, Nikolai V."]
[Result "1-0"]
[WhiteElo "2497"]
[BlackElo "2435"]
[PlyCount "129"]
[EventDate "1999.02.02"]

1. d4 d5 2. c4 c6 3. Nc3 Nf6 4. e3 Bg4 5. f3 Bh5 6. cxd5 cxd5 7. Qb3 Qd7 8. g4
Bg6 9. g5 Nh5 10. Qxd5 Nc6 11. Qxd7+ Kxd7 12. Bd2 h6 13. gxh6 Rxh6 14. Kf2 e6
15. e4 Rh8 16. Be3 Bd6 17. e5 Bc7 18. f4 Nb4 19. Rd1 Bb6 20. Nf3 Rac8 21. Bb5+
Kc7 22. a3 Nc2 23. Na4 Be4 24. Rhg1 Bxf3 25. Kxf3 Nxe3 26. Kxe3 g6 27. Rc1+ Kb8
28. Rxc8+ Rxc8 29. Nxb6 axb6 30. Bd3 Ng7 31. h4 Rh8 32. Rh1 Rh5 33. Be4 Nf5+
34. Bxf5 Rxf5 35. Ke4 Kc7 36. Rh3 Kc6 37. Rd3 Rh5 38. d5+ exd5+ 39. Rxd5 f5+
40. Kd4 Rxh4 41. Rd6+ Kc7 42. Rxg6 Rxf4+ 43. Kd5 Rf1 44. Rg7+ Kc8 45. e6 Rd1+
46. Ke5 f4 47. Kxf4 Re1 48. Kf5 Re2 49. b4 Re3 50. a4 Re1 51. Kf6 Re2 52. Ke7
Re4 53. Kd6 Rd4+ 54. Ke5 Rd1 55. Rg4 Rh1 56. Kf6 Kc7 57. Rc4+ Kd6 58. Rd4+ Kc7
59. e7 Rf1+ 60. Kg7 Rg1+ 61. Kf8 Rf1+ 62. Ke8 Re1 63. Rd2 Re3 64. Rf2 Rh3 65.
Kf8 1-0

[Event "Geller Memorial"]
[Site "Moscow"]
[Date "1999.02.08"]
[Round "7.12"]
[White "Volkov, Sergey"]
[Black "Gelman, Alexander"]
[Result "1/2-1/2"]
[WhiteElo "2587"]
[BlackElo "2460"]
[PlyCount "132"]
[EventDate "1999.02.02"]

1. d4 d6 2. c4 e5 3. Nf3 e4 4. Ng5 f5 5. Nc3 c6 6. g3 Be7 7. h4 Nf6 8. Nh3 Be6
9. d5 Bf7 10. Ng5 Nbd7 11. Bf4 Qb6 12. Bh3 g6 13. Qd2 Bg8 14. g4 h6 15. gxf5
hxg5 16. Be3 Qa6 17. hxg5 gxf5 18. gxf6 Bxf6 19. dxc6 Qxc6 20. O-O-O Rh5 21.
Qxd6 Qxd6 22. Rxd6 Bxc3 23. bxc3 Ke7 24. Rh6 Rxh6 25. Bxh6 Be6 26. f3 exf3 27.
exf3 Kf7 28. Be3 Rh8 29. Bd4 Rh4 30. a3 b6 31. Kd2 Bxc4 32. Ke3 Nf8 33. Be5 Ne6
34. Bg2 Rxh1 35. Bxh1 Bd5 36. Bg2 b5 37. Bh3 Kg6 38. f4 a6 39. Bf1 Kf7 40. Bd3
Kg6 41. Be2 Kf7 42. a4 bxa4 43. Bd6 a5 44. Bb5 Bb3 45. Bd7 Kf6 46. Bb5 Kf7 47.
Bd3 Kf6 48. c4 Nd8 49. Kd4 Ke6 50. Ba3 Nc6+ 51. Kc3 Nb4 52. Bxb4 axb4+ 53. Kxb4
Bd1 54. Bf1 Kd6 55. Bg2 Bc2 56. Bf3 Be4 57. Bd1 a3 58. Bb3 Kc6 59. Ba4+ Kd6 60.
Kxa3 Kc5 61. Bb5 Kd4 62. Kb4 Ke3 63. Kc3 Kxf4 64. Kd4 Bb7 65. Bd7 Kg5 66. c5 f4
1/2-1/2

[Event "Geller Memorial"]
[Site "Moscow"]
[Date "1999.02.08"]
[Round "7.13"]
[White "Kharitonov, Andrei Y"]
[Black "Bochkarev, Alexander"]
[Result "1-0"]
[WhiteElo "2562"]
[BlackElo "2457"]
[PlyCount "57"]
[EventDate "1999.02.02"]

1. d4 d5 2. Nf3 e6 3. g3 Nf6 4. Bg2 c5 5. O-O Be7 6. c4 O-O 7. cxd5 exd5 8. Nc3
Nc6 9. Bg5 cxd4 10. Nxd4 h6 11. Be3 Re8 12. Qc2 Bg4 13. h3 Bh5 14. Rad1 Bf8 15.
Qa4 Ne5 16. Bc1 Ned7 17. Nf5 Nb6 18. Qf4 Rc8 19. g4 Bg6 20. e4 Rc4 21. Qg3 Rxc3
22. Qxc3 Nxe4 23. Qf3 Qc8 24. Be3 Nc4 25. Rxd5 Nxe3 26. Qxe3 Bc5 27. Qf4 Ng5
28. Rc1 Ne6 29. Qd2 1-0

[Event "Geller Memorial"]
[Site "Moscow"]
[Date "1999.02.08"]
[Round "7.14"]
[White "Lastin, Alexander"]
[Black "Goloshchapov, Alexander"]
[Result "1-0"]
[WhiteElo "2558"]
[BlackElo "2446"]
[PlyCount "143"]
[EventDate "1999.02.02"]

1. e4 e6 2. d4 d5 3. Nd2 c5 4. exd5 exd5 5. Ngf3 Nf6 6. Bb5+ Bd7 7. Bxd7+ Nbxd7
8. O-O Be7 9. dxc5 Nxc5 10. Re1 O-O 11. Nf1 Re8 12. Be3 a5 13. Re2 b5 14. Bd4
Ne6 15. Be5 Ng4 16. Bg3 b4 17. Rd2 Qb6 18. Rxd5 Bc5 19. Qd2 Nf6 20. Re5 Rad8
21. Qe1 Nd4 22. Rd1 Nxf3+ 23. gxf3 Bd4 24. Re7 Qc5 25. Rxe8+ Rxe8 26. Qd2 Bxb2
27. Ne3 h6 28. Qd3 g6 29. Nc4 Bc3 30. Bf4 Rc8 31. Nd6 Rd8 32. Qe2 Qc6 33. Rd3
Nh5 34. Qe7 Rd7 35. Qe8+ Kg7 36. Bxh6+ Kh7 37. Nxf7 Rc7 38. Qxc6 Rxc6 39. Rd7
Bg7 40. Be3 Rc8 41. Ra7 Kg8 42. Ng5 Bf6 43. Rxa5 Rxc2 44. Ra8+ Kg7 45. Ra7+ Kg8
46. Ne6 Bb2 47. Bh6 Bc1 48. f4 Re2 49. Ng5 Re8 50. Nh3 Rb8 51. Kg2 b3 52. axb3
Rxb3 53. Ra4 Rc3 54. Re4 Rb3 55. Ng1 Kh7 56. Bg5 Rb7 57. Rc4 Bb2 58. Ne2 Rf7
59. Ng3 Ng7 60. Kf3 Ba1 61. h4 Bb2 62. Kg4 Ba1 63. Rb4 Bc3 64. Rb5 Bd4 65. f3
Bc3 66. f5 gxf5+ 67. Nxf5 Ne6 68. Rb6 Nd4 69. Rf6 Rd7 70. Rh6+ Kg8 71. Ng3 Bb4
72. Ne4 1-0

[Event "Geller Memorial"]
[Site "Moscow"]
[Date "1999.02.08"]
[Round "7.17"]
[White "Ovetchkin, Roman"]
[Black "Zakharov, Alexander S."]
[Result "1/2-1/2"]
[WhiteElo "2511"]
[BlackElo "2430"]
[PlyCount "132"]
[EventDate "1999.02.02"]

1. e4 c6 2. d4 d5 3. f3 e6 4. Nc3 Bb4 5. e5 c5 6. a3 Bxc3+ 7. bxc3 Ne7 8. f4
Qc7 9. Nf3 b6 10. Bb5+ Bd7 11. Bd3 Nbc6 12. O-O h6 13. Be3 cxd4 14. cxd4 Na5
15. g4 Nc4 16. Bc1 g6 17. Kg2 O-O-O 18. Qe1 h5 19. h3 Nc6 20. c3 hxg4 21. hxg4
N6a5 22. Rb1 Kb8 23. Rh1 Qc8 24. Rh4 Rdg8 25. Bc2 Ka8 26. Ra1 Qf8 27. a4 Qg7
28. Ra2 Rxh4 29. Qxh4 Rh8 30. Qg3 Qh6 31. Nh2 Kb7 32. Bd1 Ka8 33. Kg1 Kb7 34.
Rf2 Ka8 35. Bc2 Qf8 36. f5 gxf5 37. gxf5 Rg8 38. Bg5 Qe8 39. fxe6 fxe6 40. Qh4
Bxa4 41. Bh7 Rf8 42. Rf6 Qc8 43. Qh6 Rxf6 44. exf6 Nd6 45. Bf4 Nab7 46. Nf3 Nf7
47. Qg7 Nbd8 48. Bg6 Qxc3 49. Bxf7 Qxf3 50. Bg3 Bc2 51. Qg8 Qxf6 52. Be5 Qe7
53. Bxe6 Be4 54. Bxd5+ Bxd5 55. Qxd5+ Nb7 56. Qc6 Qd8 57. Kf1 a5 58. Bc7 Qxd4
59. Bxb6 Qf4+ 60. Ke2 Qe5+ 61. Kd1 Kb8 62. Kc2 Qf5+ 63. Kb2 Qe5+ 64. Ka2 Qh2+
65. Kb1 Qe5 66. Ka2 Qe2+ 1/2-1/2

[Event "Geller Memorial"]
[Site "Moscow"]
[Date "1999.02.08"]
[Round "7.18"]
[White "Ivanov, Victor L"]
[Black "Kiselev, Sergey"]
[Result "0-1"]
[WhiteElo "2427"]
[BlackElo "2500"]
[PlyCount "76"]
[EventDate "1999.02.02"]

1. e4 c5 2. c3 d5 3. exd5 Qxd5 4. d4 Nf6 5. Nf3 e6 6. Na3 Be7 7. Nb5 Na6 8. c4
Qd8 9. Be2 O-O 10. O-O cxd4 11. Bf4 Qb6 12. a3 Bd7 13. Nfxd4 Rfd8 14. Qb1 Be8
15. Nf3 Bxb5 16. cxb5 Nd5 17. Be5 Nac7 18. a4 Qa5 19. Rc1 Ne8 20. Rc4 Rac8 21.
Rg4 Nef6 22. Rh4 h6 23. Rd4 a6 24. bxa6 bxa6 25. Qf1 Rc6 26. h3 Nd7 27. Bc4
N5b6 28. Bg3 Bf6 29. Bxa6 Nd5 30. Bb5 Rc2 31. b4 Qa7 32. Rad1 N7b6 33. a5 Bxd4
34. Nxd4 Nc3 35. axb6 Qxb6 36. Rd3 Rxd4 37. Rxd4 Qxd4 38. Bd3 Rd2 0-1

[Event "Geller Memorial"]
[Site "Moscow"]
[Date "1999.02.08"]
[Round "7.19"]
[White "Eljanov, Pavel"]
[Black "Prokopchuk, Evgeny"]
[Result "1/2-1/2"]
[WhiteElo "2418"]
[BlackElo "2489"]
[PlyCount "85"]
[EventDate "1999.02.02"]

1. d4 Nf6 2. c4 d6 3. Nc3 e5 4. dxe5 dxe5 5. Qxd8+ Kxd8 6. Nf3 Nbd7 7. Rg1 b6
8. g4 Bb7 9. g5 Ne4 10. Nxe4 Bxe4 11. Be3 Bxf3 12. exf3 Bc5 13. Bxc5 Nxc5 14.
O-O-O+ Ke7 15. Rd5 f6 16. f4 c6 17. Rd1 f5 18. fxe5 Rhd8 19. Be2 Ne6 20. Bf3
Rd4 21. Rxd4 Nxd4 22. Bd1 Rd8 23. Rg3 Ne6 24. Ra3 Rd7 25. Bc2 g6 26. h4 Nf4 27.
c5 bxc5 28. Ra5 Ne2+ 29. Kb1 c4 30. Ra4 c3 31. Rc4 cxb2 32. Rxc6 Nd4 33. Rc4
Nxc2 34. Rxc2 f4 35. Rxb2 Ke6 36. Re2 Re7 37. Kc2 Kf5 38. Kc3 Rxe5 39. Rxe5+
Kxe5 40. f3 Kd5 41. Kd3 a6 42. a3 a5 43. a4 1/2-1/2

[Event "Geller Memorial"]
[Site "Moscow"]
[Date "1999.02.08"]
[Round "7.20"]
[White "Rychagov, Andrey"]
[Black "Moiseenko, Alexander"]
[Result "1/2-1/2"]
[WhiteElo "2487"]
[BlackElo "2419"]
[PlyCount "114"]
[EventDate "1999.02.02"]

1. d4 Nf6 2. c4 e6 3. Nc3 Bb4 4. Qc2 d5 5. cxd5 exd5 6. Bg5 c5 7. Nf3 h6 8.
Bxf6 Qxf6 9. a3 Bxc3+ 10. Qxc3 Nd7 11. e3 O-O 12. Be2 b6 13. O-O Bb7 14. Rac1
c4 15. b3 b5 16. Rb1 Bc6 17. Nd2 Rfe8 18. Bf3 a5 19. Rfc1 Qd6 20. bxc4 bxc4 21.
g3 Ra6 22. Bd1 Nb6 23. Nf3 Na4 24. Qa1 Rb8 25. Rxb8+ Qxb8 26. Rb1 Rb6 27. Rxb6
Qxb6 28. Bxa4 Bxa4 29. Nd2 Bc2 30. f3 f5 31. Kf2 Bd3 32. Qc3 Qb5 33. Ke1 Kh7
34. Kf2 Kg6 35. h3 Kf7 36. g4 g6 37. Kg3 Ke6 38. Kf2 Kd6 39. gxf5 gxf5 40. Qc1
Kc6 41. Qg1 c3 42. Qg6+ Kb7 43. Qf7+ Kb6 44. Qf6+ Qc6 45. Qd8+ Qc7 46. Qxc7+
Kxc7 47. Nb3 Bc2 48. Nc1 Kc6 49. Ne2 Kb5 50. Nxc3+ Kc4 51. Ne2 a4 52. Ke1 Kd3
53. Kf2 Kd2 54. h4 Bd3 55. Nf4 Bc4 56. Ne6 Bb3 57. Nc5 Bc2 1/2-1/2

[Event "Geller Memorial"]
[Site "Moscow"]
[Date "1999.02.08"]
[Round "7.21"]
[White "Frog, Ilya"]
[Black "Iljushin, Alexei"]
[Result "0-1"]
[WhiteElo "2415"]
[BlackElo "2484"]
[PlyCount "87"]
[EventDate "1999.02.02"]

1. c4 c5 2. g3 Nc6 3. Bg2 g6 4. Nc3 Bg7 5. e3 Nf6 6. d4 cxd4 7. exd4 O-O 8.
Nge2 d6 9. O-O Bf5 10. h3 h5 11. Be3 Qc8 12. Kh2 Nb4 13. Qb3 Nc2 14. Rac1 Nxe3
15. fxe3 Rb8 16. Nf4 Be6 17. Nxe6 Qxe6 18. Ne2 Qd7 19. Qa3 a6 20. b4 Rbc8 21.
Nf4 e6 22. Qb3 Qc7 23. a4 g5 24. Nd3 h4 25. d5 hxg3+ 26. Kh1 exd5 27. cxd5 Qe7
28. Nb2 Rxc1 29. Rxc1 Ne4 30. Nd1 g4 31. Qc2 f5 32. Kg1 Qh4 33. Bxe4 fxe4 34.
Qxe4 Qxh3 35. Qg2 Be5 36. Rc2 Rf3 37. Re2 Qh2+ 38. Qxh2 gxh2+ 39. Rxh2 Bxh2+
40. Kxh2 Kf7 41. Kg2 Kf6 42. b5 axb5 43. axb5 Ke5 44. Nf2 0-1

[Event "Geller Memorial"]
[Site "Moscow"]
[Date "1999.02.08"]
[Round "7.24"]
[White "Vorotnikov, Vladislav V"]
[Black "Yuferov, Sergey  N"]
[Result "1/2-1/2"]
[WhiteElo "2463"]
[BlackElo "2415"]
[PlyCount "30"]
[EventDate "1999.02.02"]

1. d4 Nf6 2. c4 e6 3. Nf3 b6 4. g3 Bb7 5. Bg2 Be7 6. O-O O-O 7. Nc3 Ne4 8. Nxe4
Bxe4 9. Nh4 Bxg2 10. Nxg2 d5 11. Qa4 Qe8 12. Qxe8 Rxe8 13. cxd5 exd5 14. Rd1
Nd7 15. Nf4 c6 1/2-1/2

[Event "Geller Memorial"]
[Site "Moscow"]
[Date "1999.02.08"]
[Round "7.25"]
[White "Chuprov, Dmitry"]
[Black "Sherbakov, Ruslan"]
[Result "0-1"]
[WhiteElo "2400"]
[BlackElo "2559"]
[PlyCount "88"]
[EventDate "1999.02.02"]

1. g3 d5 2. Bg2 c6 3. c4 Nf6 4. cxd5 cxd5 5. Nf3 Nc6 6. O-O e6 7. d3 Bc5 8. a3
a5 9. Nc3 O-O 10. Bf4 Bd7 11. Rc1 Qe7 12. Nb5 Ne8 13. d4 Bd6 14. Nxd6 Nxd6 15.
Ne5 Nf5 16. Nxc6 Bxc6 17. Qd2 h6 18. h4 a4 19. Rc5 Rac8 20. Rfc1 Rcd8 21. Bh3
Rd7 22. Qd3 Qf6 23. Be3 Nd6 24. Bg2 Qe7 25. Bd2 Ra8 26. Bb4 Qd8 27. e3 Nc4 28.
Qe2 Rc7 29. R1xc4 dxc4 30. Ba5 Rxa5 31. Rxa5 Rc8 32. Rc5 Bxg2 33. Kxg2 Rxc5 34.
dxc5 Qd5+ 35. Qf3 Kf8 36. Qxd5 exd5 37. Kf3 Ke7 38. Kf4 Kf6 39. h5 g5+ 40. hxg6
fxg6 41. g4 g5+ 42. Kg3 Ke5 43. f4+ gxf4+ 44. exf4+ Ke4 0-1

[Event "Geller Memorial"]
[Site "Moscow"]
[Date "1999.02.08"]
[Round "7.26"]
[White "Yemelin, Vasily"]
[Black "Riazantsev, Alexander"]
[Result "1/2-1/2"]
[WhiteElo "2550"]
[BlackElo "2387"]
[PlyCount "132"]
[EventDate "1999.02.02"]

1. e4 e6 2. d4 d5 3. Nd2 Nf6 4. e5 Nfd7 5. c3 c5 6. Bd3 Nc6 7. Ne2 cxd4 8. cxd4
f6 9. exf6 Nxf6 10. Nf3 Bd6 11. O-O Qc7 12. Bg5 O-O 13. Bh4 e5 14. dxe5 Nxe5
15. Nxe5 Bxe5 16. Bg3 Bxg3 17. hxg3 Qe5 18. Qd2 Bd7 19. Rae1 Rad8 20. Qb4 Ng4
21. Nf4 Rxf4 22. Qa5 Qg5 23. f3 Ra4 24. Qc7 Nh6 25. Re5 Qf6 26. Rxd5 Rd4 27.
Bc4 Rxd5 28. Bxd5+ Kh8 29. Bxb7 Qb6+ 30. Qxb6 axb6 31. Rc1 Nf7 32. Rc7 Kg8 33.
Bc6 Ne5 34. Bxd7 Nxd7 35. Kf2 Kf7 36. g4 Ke6 37. a3 Kd6 38. Rc2 Re8 39. g5 Nc5
40. Rd2+ Kc6 41. Rd1 Ne6 42. Re1 Kd5 43. f4 Rc8 44. Re5+ Kd6 45. Ke3 Rc2 46.
Rb5 Kc6 47. Re5 Nc7 48. Kf3 Kd6 49. g6 hxg6 50. Rg5 Ne6 51. Rxg6 Kd5 52. g4
Rxb2 53. f5 Rb3+ 54. Kf2 Nd4 55. Rxg7 Rxa3 56. Kg2 Ke4 57. Rd7 Nf3 58. Kf2 Kf4
59. Ke2 Ra2+ 60. Kd1 Kxg4 61. f6 Ne5 62. Rd5 Kf5 63. f7 Ra8 64. Rb5 Rf8 65.
Rxb6 Rxf7 66. Ke2 Re7 1/2-1/2

[Event "Geller Memorial"]
[Site "Moscow"]
[Date "1999.02.08"]
[Round "7.27"]
[White "Burmakin, Vladimir"]
[Black "Nureev, Garun"]
[Result "0-1"]
[WhiteElo "2534"]
[BlackElo "2380"]
[PlyCount "54"]
[EventDate "1999.02.02"]

1. d4 d6 2. g3 g6 3. Bg2 Bg7 4. e4 Nf6 5. Nc3 O-O 6. Nf3 c5 7. O-O cxd4 8. Nxd4
Bd7 9. Nd5 Nc6 10. Ne2 Nxd5 11. exd5 Ne5 12. h3 Qb6 13. Rb1 Rfc8 14. Be3 Qa5
15. a3 Qc7 16. c3 Nc4 17. Bc1 Qb6 18. g4 a5 19. a4 h5 20. Ng3 hxg4 21. hxg4
Bxc3 22. bxc3 Qxb1 23. Be4 Qa1 24. Nf5 gxf5 25. gxf5 Qxc3 26. Qh5 Kf8 27. Qh7
Qg7+ 0-1

[Event "Geller Memorial"]
[Site "Moscow"]
[Date "1999.02.08"]
[Round "7.28"]
[White "Maiorov, Oleg"]
[Black "Zakharevich, Igor"]
[Result "0-1"]
[WhiteElo "2400"]
[BlackElo "2532"]
[PlyCount "80"]
[EventDate "1999.02.02"]

1. e4 d6 2. d4 Nf6 3. Nc3 g6 4. f4 Bg7 5. Nf3 O-O 6. Bd3 Nc6 7. O-O e5 8. fxe5
dxe5 9. d5 Nd4 10. Nxe5 Nxd5 11. Nxd5 Bxe5 12. Bf4 Nc6 13. Qd2 Be6 14. Bxe5
Nxe5 15. Nf6+ Kg7 16. Qg5 Ng4 17. Nh5+ Kh8 18. Nf6 Qd4+ 19. Kh1 h6 20. Qh4 g5
21. Qh5 Nxf6 22. Qxh6+ Nh7 23. e5 Qh4 24. Rf6 Rad8 25. Qxh4 gxh4 26. Rh6 Rxd3
27. cxd3 h3 28. Kg1 Rd8 29. Rd1 Rd4 30. g3 Rd5 31. d4 c5 32. Rh4 Kg7 33. Kf2
Ng5 34. Rf4 cxd4 35. Rfxd4 Rxe5 36. a3 Ne4+ 37. Kf3 Nf6 38. g4 Kg6 39. Kg3 Kg5
40. Rb4 Ne4+ 0-1